| 000 | 01552cam a22002054a 4500 | ||
|---|---|---|---|
| 005 | 20250605163931.0 | ||
| 008 | 250528s ||||||||||||||||||||||||d | ||
| 035 | _a14686 | ||
| 020 | _a9602352280 | ||
| 040 |
_aGR-AtMCL _bgre _dGR-AtMCL _eAACR2 |
||
| 245 | 1 | _aΣκέψη και Γλώσσα / Δεύτερη Έκδοση | |
| 250 | _a2η | ||
| 260 |
_bΓνώση, _c1993 |
||
| 300 | _a440 | ||
| 520 | _aΟ συγγραφέας στο έργο του αυτό συνόψισε τα πορίσματα των πειραματικών ερευνών και των θεωρητικών του στοχασμών πάνω στο θεμελιώδες πρόβλημα των σχέσεων σκέψης και γλώσσας. Πρόλογος, Προβλήματα και Μέθοδοι της Έρευνας, Το Πρόβλημα της Γλώσσας και της Νόησης στο Παιδί κατά τη Θεωρία του Jean Piaget, Το Πρόβλημα της Εξέλιξης της Γλώσσας κατά την Αντίληψη του William Stern, Η Εξελικτική - Ιστορική Προέλευση Νόησης και Γλώσσας, Πειραματική Διερεύνηση της Εξέλιξης των Εννοιών, Έρευνα της Ανάπτυξης Επιστημονικών Εννοιών στην Παιδική Ηλικία, Σκέψη και Λέξη, Βιβλιογραφικές Αναφορές. | ||
| 700 | 1 |
_aΒυγκότσκι Λεβ _9432 |
|
| 942 | _cBK | ||
| 999 |
_c308 _d308 |
||